000 00448cam a22001457a 4500
008 180718b1959 xxu||||| |||| 00| 0 eng d
082 _aB259x54 M369
100 _aMarx, Karl
245 _aFirst Indian war of independence 1857-1859
_cby Karl Marx and Friedirich Engels
260 _aLondon
_bLowrence & Wishart
_c1959
300 _a246p.
500 _a4/-
650 _aIndia --History --Sepoy Rebellion, 1857-1858.
700 _aEngels, Friedirich
999 _c373255
_d373255